Catholic University of Zimbabwe Library
Online Public Access Catalogue
(OPAC)

The Drama of Language (Record no. 25717)

MARC details
000 -LEADER
fixed length control field 01341cam a22004094a 4500
001 - CONTROL NUMBER
control field muse78488
003 - CONTROL NUMBER IDENTIFIER
control field MdBmJHUP
005 - DATE AND TIME OF LATEST TRANSACTION
control field 20210127151422.0
006 - FIXED-LENGTH DATA ELEMENTS--ADDITIONAL MATERIAL CHARACTERISTICS
fixed length control field m o d
007 - PHYSICAL DESCRIPTION FIXED FIELD--GENERAL INFORMATION
fixed length control field cr||||||||nn|n
008 - FIXED-LENGTH DATA ELEMENTS--GENERAL INFORMATION
fixed length control field 700515s1970 mdu o 00 0 eng d
010 ## - LIBRARY OF CONGRESS CONTROL NUMBER
Canceled/invalid LC control number 77097492
020 ## - INTERNATIONAL STANDARD BOOK NUMBER
International Standard Book Number 9781421434995
020 ## - INTERNATIONAL STANDARD BOOK NUMBER
Canceled/invalid ISBN 0801810493
020 ## - INTERNATIONAL STANDARD BOOK NUMBER
Canceled/invalid ISBN 9781421434988
035 ## - SYSTEM CONTROL NUMBER
System control number (OCoLC)1125189894
040 ## - CATALOGING SOURCE
Original cataloging agency MdBmJHUP
Transcribing agency MdBmJHUP
050 04 - LIBRARY OF CONGRESS CALL NUMBER
Classification number PT1965
Item number .B8 1970
082 0# - DEWEY DECIMAL CLASSIFICATION NUMBER
Classification number 832/.6/09
100 1# - MAIN ENTRY--PERSONAL NAME
Personal name Burckhardt, Sigurd,
Dates associated with a name 1916-1966.
245 14 - TITLE STATEMENT
Title The Drama of Language
Remainder of title Essays on Goethe and Kleist
264 #1 - PRODUCTION, PUBLICATION, DISTRIBUTION, MANUFACTURE, AND COPYRIGHT NOTICE
Name of producer, publisher, distributor, manufacturer Johns Hopkins Press
264 #3 - PRODUCTION, PUBLICATION, DISTRIBUTION, MANUFACTURE, AND COPYRIGHT NOTICE
Name of producer, publisher, distributor, manufacturer Project MUSE,
300 ## - PHYSICAL DESCRIPTION
Extent 1 online resource (viii, 175 p.)
506 0# - RESTRICTIONS ON ACCESS NOTE
Terms governing access Open Access
Standardized terminology for access restriction Unrestricted online access
Source of term star
588 ## - SOURCE OF DESCRIPTION NOTE
Source of description note Description based on print version record.
600 11 - SUBJECT ADDED ENTRY--PERSONAL NAME
Personal name Kleist, Heinrich von,
Dates associated with a name 1777-1811.
600 11 - SUBJECT ADDED ENTRY--PERSONAL NAME
Personal name Goethe, Johann Wolfgang von,
Dates associated with a name 1749-1832.
655 #7 - INDEX TERM--GENRE/FORM
Genre/form data or focus term Electronic books.
Source of term local
710 2# - ADDED ENTRY--CORPORATE NAME
Corporate name or jurisdiction name as entry element Project Muse.
Relator term distributor
830 #0 - SERIES ADDED ENTRY--UNIFORM TITLE
Uniform title Book collections on Project MUSE.
856 40 - ELECTRONIC LOCATION AND ACCESS
Public note Full text available:
Uniform Resource Identifier <a href="https://muse.jhu.edu/book/70847/">https://muse.jhu.edu/book/70847/</a>
Holdings
Withdrawn status Lost status Source of classification or shelving scheme Damaged status Not for loan Home library Current library Shelving location Date acquired Total Checkouts Full call number Date last seen Uniform Resource Identifier Price effective from Koha item type
          Digital Library Digital Library Online Access 27.01.2021   PT1965 .B8 1970 27.01.2021 https://muse.jhu.edu/book/70847/ 27.01.2021 eBook

OPENING HOURS

Weekdays: 0815hrs - 1800hrs
Weekends:0900hrs - 1200hrs

Closed for Mass:

Mon, Thur: 1200hrs - 1300hrs
Sunday & Public Holiday’s

CALL SUPPORT

0242-570570, 0242-570169
09200664, +263 8644140602

LOCATION

18443, Cranborne Avenue, Hatfield, Harare

Other Links


©2021 | CUZ Library